书目信息 |
| 题名: |
国家宝藏
|
|
| 作者: | 鲁鑫, , 杨效雷, , 孙立田, 主编 | |
| 分册: | ||
| 出版信息: | 成都 四川人民出版社 2021.01 |
|
| 页数: | 469页 | |
| 开本: | 24cm | |
| 丛书名: | ||
| 单 册: | ||
| 中图分类: | K86 | |
| 科图分类: | ||
| 主题词: | 文物--wen wu--介绍--世界 | |
| 电子资源: | ||
| ISBN: | 978-7-220-12040-4 | |
| 000 | 01375nam0 2200289 450 | |
| 001 | CAL 0120213143281 | |
| 005 | 20230217093113.0 | |
| 010 | @a978-7-220-12040-4@b精装@dCNY128.00 | |
| 100 | @a20210113d2021 em y0chiy0120 ea | |
| 101 | 0 | @achi |
| 102 | @aCN@b510000 | |
| 105 | @aa z 000yy | |
| 106 | @ar | |
| 200 | 1 | @a国家宝藏@Aguo jia bao zang@e100件文物讲述世界文学史@f鲁鑫, 杨效雷, 孙立田主编 |
| 210 | @a成都@c四川人民出版社@d2021.01 | |
| 215 | @a469页@c彩图@d24cm | |
| 300 | @a图说天下 文化中国 | |
| 314 | @a鲁鑫, 现为天津师范大学历史文化学院文博系副主任、讲师等职。杨效雷, 现为天津师范大学历史文化学院文博系主任等职。孙立田, 现为天津师范大学历史文化学院院长、教授等职。 | |
| 330 | @a本书主要内容包括: 人类从非洲出发 露西化石标本、石器时代的“瑞士军刀” 奥杜威峡谷手斧、北京周口店的古人类 北京人头盖骨化石 (复制品) 、《疯狂原始人》的古人类原型 尼安德特人恩吉斯2号化石、原始社会的女神崇拜 布拉桑普伊洞穴的维纳斯牙雕、人类最早的神庙遗址 哥贝克力遗址图腾柱、远古时代的爱情和欲望 艾因·萨赫里恋人雕像等。 | |
| 517 | 1 | @a100件文物讲述世界文学史@A100 jian wen wu jiang shu shi jie wen xue shi |
| 606 | 0 | @a文物@Awen wu@x介绍@y世界 |
| 690 | @aK86@v5 | |
| 701 | 0 | @a鲁鑫,@Alu xin@f1979-@4主编 |
| 701 | 0 | @a杨效雷,@Ayang xiao lei@f1967-@4主编 |
| 701 | 0 | @a孙立田,@Asun li tian@f1966-@4主编 |
| 801 | 0 | @aCN@bBJXHZP@c20230228 |
| 905 | @b1386481-4@dK86@e21@f4 | |
| 国家宝藏:100件文物讲述世界文学史/鲁鑫, 杨效雷, 孙立田主编.-成都:四川人民出版社,2021.01 |
| 469页:彩图;24cm |
| 图说天下 文化中国 |
| ISBN 978-7-220-12040-4(精装):CNY128.00 |
| 本书主要内容包括: 人类从非洲出发 露西化石标本、石器时代的“瑞士军刀” 奥杜威峡谷手斧、北京周口店的古人类 北京人头盖骨化石 (复制品) 、《疯狂原始人》的古人类原型 尼安德特人恩吉斯2号化石、原始社会的女神崇拜 布拉桑普伊洞穴的维纳斯牙雕、人类最早的神庙遗址 哥贝克力遗址图腾柱、远古时代的爱情和欲望 艾因·萨赫里恋人雕像等。 |
| ● |
| 相关链接 |
|
|
|
|
正题名:国家宝藏
索取号:K86/21
 
预约/预借
| 序号 | 登录号 | 条形码 | 馆藏地/架位号 | 状态 | 备注 |
| 1 | 1386481 | 213864816 | 第二样本阅览室/ [索取号:K86/21] | 在馆 | |
| 2 | 1386482 | 213864825 | 第二借阅区/ [索取号:K86/21] | 在馆 | |
| 3 | 1386483 | 213864834 | 第二借阅区/ [索取号:K86/21] | 在馆 | |
| 4 | 1386484 | 213864843 | 第二借阅区/ [索取号:K86/21] |
已借出,限还日期为2025.11.25 借出人:柴天姿 |